Statistics for Summer of 69 Lyrics

Click here to take the quiz!

General Stats

  • This quiz has been taken 922 times
  • The average score is 22 of 38

Answer Stats

LyricAnswer% Correct
Me and some guys from _____school
93%
It was the ______ __ __summer of 69
91%
Played it 'til my ______ ____fingers bled
90%
I got my first ___ __-____real six-string
90%
Had a ____ and we tried real ____band, hard
88%
That summer seemed to ____ ______last forever
88%
Oh when I ____ ____ nowlook back
86%
I should've known we'd never ___ ____get far
84%
Jimmy ____, Jody got ______quit, married
84%
Those were the ___ ____ __ __ ____best days of my life
81%
Bought it at the ____ ___ ____five and dime
75%
And if I had ___ _____the choice
72%
Those ____ ___ best days of my lifewere the
69%
When you've got a ___ __ __job to do
68%
And thats when _ ___ ___, yeahI met you
66%
Standin' on your ____ _____mama's porch
66%
Aint no use in _________complainin'
62%
oh yeah. Back in the ______ __ __, ohsummer of 69
60%
You told that you'd ____ ______wait forever
60%
I knew that it was ___ __ _____now or never
59%
oh, and when you ___ __ ____held my hand
48%
And now the times are _______changin'
47%
_______ __ your mama's porchStandin' on
46%
Sometimes when I play that ___ ___-______old six-string
45%
Yeah, I'd _____ _____ be therealways wanna
42%
You ____ __ that it'd last forevertold me
39%
Look at everything that's ____ ____ _____come and gone
38%
Spent my ______ ____ at the drive-inevening's down
37%
____ ____ the best days of my lifeThose were
37%
I ____ ____ it was now or neverknew that
36%
We were ______ and ______Young and restless
36%
oh, and ____ ___ ____ my handwhen you held
32%
____ __ the summer of 69Back in
30%
We needed to ______unwind
29%
I ____ _____ can last forever, forever ohguess nothin'
28%
Man we were _____ ____killin' time
28%
Oh, _____yeah
27%
I think about you, and _____ ____ ____ _____wonder what went wrong
15%

Score Distribution

Percentile by Number Answered

Percent of People with Each Score

Your Score History

You have not taken this quiz